Normal view
MARC view
Entry Personal Name
001 - CONTROL NUMBER
- control field: 9147
003 - CONTROL NUMBER IDENTIFIER
- control field: ARRUPE
005 - DATE AND TIME OF LATEST TRANSACTION
- control field: 20140319130544.0
008 - FIXED-LENGTH DATA ELEMENTS
- fixed length control field: 140319|| aca||aabn | a|a d
040 ## - CATALOGING SOURCE
- Original cataloging agency: ARRUPE
- Transcribing agency: ARRUPE
100 ## - HEADING--PERSONAL NAME
- Personal name: Gunton Colin E.
670 ## - SOURCE DATA FOUND
- Source citation: Work cat.: (ARRUPE): Gunton Colin E., Intellect and Action, 2000